Street Level Marvel Heroes by Picture - Statistics

General Stats
  • This quiz has been taken 61 times
  • The average score is 15 of 18
Answer Stats
Picture Answer % Correct
Black Widow
100%
Daredevil
100%
Moon Knight
100%
Spider-Man
100%
Luke Cage
98%
Punisher
98%
Iron Fist
95%
Elektra
93%
Jessica Jones
93%
Cloak
76%
Dagger
76%
Echo
75%
Shang-Chi
75%
Patsy Walker
64%
Misty Knight
62%
White Tiger
55%
Colleen Wing
51%
Darkhawk
51%
No matching quizzes found
Score Distribution
Percent of People with Each Score
Percentile by Number Answered
Your Score History
You have not taken this quiz